| Tag |
First Indicator |
Second Indicator |
Subfields |
| LEADER |
00000cas a2200000 4500 |
| 001 |
in00000090039 |
| 005 |
20151008063628.0 |
| 008 |
780622d19781984ne qr p 0uuua0eng d |
| 010 |
|
|
|a sn 82020211
|
| 012 |
|
|
|b 3
|
| 019 |
|
|
|a 4007302
|
| 022 |
|
|
|a 0378-4339
|
| 030 |
|
|
|a PECLD3
|
| 035 |
|
|
|a (OCoLC)03994498
|
| 035 |
|
|
|9 AAK2623AM
|
| 037 |
|
|
|b Associated Scientific Publishers, P.O. Box 211, Amsterdam, The Netherlands
|
| 040 |
|
|
|a AGL
|c AGL
|d UDI
|d COO
|d NST
|d OCL
|d SER
|d NST
|d MUL
|d AIP
|d NST
|d TXA
|d UtOrBLW
|
| 042 |
|
|
|a nst
|
| 049 |
|
|
|a TXAE
|
| 070 |
|
|
|a S589.7.P7
|
| 090 |
|
|
|a SB950.A1
|b P7
|
| 210 |
0 |
|
|a Prot. ecol.
|
| 222 |
|
0 |
|a Protection ecology
|
| 245 |
0 |
0 |
|a Protection ecology.
|
| 264 |
|
1 |
|a Amsterdam :
|b Elsevier Scientific Pub. Co.
|
| 300 |
|
|
|a 7 volumes :
|b illustrations ;
|c 25 cm.
|
| 336 |
|
|
|a text
|b txt
|2 rdacontent
|
| 337 |
|
|
|a unmediated
|b n
|2 rdamedia
|
| 338 |
|
|
|a volume
|b nc
|2 rdacarrier
|
| 362 |
0 |
|
|a Vol. 1 (May 1978)-v. 7, no. 4 (Dec. l984).
|
| 650 |
|
0 |
|a Agricultural pests
|v Periodicals.
|
| 650 |
|
0 |
|a Pests
|x Control
|v Periodicals.
|
| 785 |
0 |
4 |
|t Agriculture, Ecosystems & Environment.
|
| 999 |
|
|
|a MARS
|
| 999 |
f |
f |
|s 5215614c-e2bc-3a2d-86a0-479a00ef1263
|i 4fe6e16a-c896-39b8-a681-4140695b53b2
|t 0
|
| 952 |
f |
f |
|p ric
|a Texas A&M University
|b Rellis Campus
|c Joint Library Facility
|d Remote Storage
|t 0
|e SB950.A1 P7
|h Library of Congress classification
|i unmediated -- volume
|k v.4-5
|l 1982:May-1983:Sept.
|m A14813873053
|
| 952 |
f |
f |
|p ric
|a Texas A&M University
|b Rellis Campus
|c Joint Library Facility
|d Remote Storage
|t 0
|e SB950.A1 P7
|h Library of Congress classification
|i unmediated -- volume
|k v.1
|l 1978/1979
|m A14818732838
|
| 952 |
f |
f |
|p ric
|a Texas A&M University
|b Rellis Campus
|c Joint Library Facility
|d Remote Storage
|t 0
|e SB950.A1 P7
|h Library of Congress classification
|i unmediated -- volume
|k v.2-3
|l 1980:July-1981
|m A14811217722
|
| 952 |
f |
f |
|p ric
|a Texas A&M University
|b Rellis Campus
|c Joint Library Facility
|d Remote Storage
|t 0
|e SB950.A1 P7
|h Library of Congress classification
|i unmediated -- volume
|k v.6-7
|l 1984
|m A14816786386
|
| 998 |
f |
f |
|a SB950.A1 P7
|s v.1-7 (1978-1984)
|t 0
|l Remote Storage
|